Tonfilm Aufnahme und Wiedergabe nach dem Klangfilm-Verfahren (system Klangfilm-Tobis) (Record no. 51673)
[ view plain ]
| 000 -LEADER | |
|---|---|
| fixed length control field | 00754cam a22002171 4500 |
| 001 - CONTROL NUMBER | |
| control field | po 32000043 |
| 003 - CONTROL NUMBER IDENTIFIER | |
| control field | DLC |
| 005 - DATE AND TIME OF LATEST TRANSACTION | |
| control field | 20260227111858.0 |
| 008 - FIXED-LENGTH DATA ELEMENTS--GENERAL INFORMATION | |
| fixed length control field | 810508s1931 gw a 000 0 ger c |
| 010 ## - LIBRARY OF CONGRESS CONTROL NUMBER | |
| LC control number | po 32000043 |
| 035 ## - SYSTEM CONTROL NUMBER | |
| System control number | (OCoLC)7402087 |
| 040 ## - CATALOGING SOURCE | |
| Original cataloging agency | U.S. Patent Office Library |
| Transcribing agency | MWalB |
| Modifying agency | MWalB |
| -- | DLC |
| 050 00 - LIBRARY OF CONGRESS CALL NUMBER | |
| Classification number | PN1995.7 |
| Item number | .F55 |
| 100 1# - MAIN ENTRY--PERSONAL NAME | |
| Personal name | Fischer, Fritz, |
| Dates associated with a name | 1898- |
| 245 10 - TITLE STATEMENT | |
| Title | Tonfilm Aufnahme und Wiedergabe nach dem Klangfilm-Verfahren (system Klangfilm-Tobis) |
| Statement of responsibility, etc. | hrsg. für die Klangfilm G. m. b. H., Berlin, |
| -- | von F. Fischer [und] H. Lichte. |
| 260 ## - PUBLICATION, DISTRIBUTION, ETC. | |
| Place of publication, distribution, etc. | Leipzig, |
| Name of publisher, distributor, etc. | S. Hirzel, |
| Date of publication, distribution, etc. | 1931. |
| 300 ## - PHYSICAL DESCRIPTION | |
| Extent | xi, 455 p. |
| Other physical details | illus. |
| Dimensions | 25 cm. |
| 504 ## - BIBLIOGRAPHY, ETC. NOTE | |
| Bibliography, etc. note | Bibliographical footnotes. |
| 650 #0 - SUBJECT ADDED ENTRY--TOPICAL TERM | |
| Topical term or geographic name entry element | Motion pictures. |
| 700 1# - ADDED ENTRY--PERSONAL NAME | |
| Personal name | Lichte, H., |
| Relator term | joint ed. |
No items available.